[Event "DVM U12w 2024"]
[Site "Bad Homburg GER"]
[Date "2024.12.29"]
[Round "5"]
[White "Kuznetsova, Sofia"]
[Black "Frank, Elisa"]
[Result "1-0"]
[Termination "normal"]
[Board "10.3"]
[WhiteElo "926"]
[BlackElo "801"]
[WhiteClock "01:26:48"]
[BlackClock "01:07:46"]
[WhiteTeam "SF Brackel 1930"]
[BlackTeam "SG Leipzig"]
[PlyCount "65"]
[WhiteFideId "34693653"]
[BlackFideId "533025967"]
[EventCountry "GER"]
[EventRounds "7"]
[EventType "team-swiss"]
[EventDate "2024.12.26"]

1. e4 {[%clk 01:30:57]} {[%emt 00:00:02]} e5 {[%clk 01:30:57]} {[%emt
00:00:04]} 2. Nf3 {[%clk 01:31:25]} {[%emt 00:00:03]} Nc6 {[%clk 01:31:19]}
{[%emt 00:00:07]} 3. Bc4 {[%clk 01:31:48]} {[%emt 00:00:06]} Bc5 {[%clk
01:31:30]} {[%emt 00:00:19]} 4. d3 {[%clk 01:32:12]} {[%emt 00:00:06]} Nf6
{[%clk 01:31:50]} {[%emt 00:00:09]} 5. O-O {[%clk 01:32:34]} {[%emt 00:00:08]}
O-O {[%clk 01:32:16]} {[%emt 00:00:04]} 6. h3 {[%clk 01:33:02]} {[%emt
00:00:03]} h6 {[%clk 01:32:36]} {[%emt 00:00:10]} 7. Nc3 {[%clk 01:33:27]}
{[%emt 00:00:05]} d6 {[%clk 01:32:28]} {[%emt 00:00:39]} 8. Be3 {[%clk
01:32:27]} {[%emt 00:01:30]} Bxe3 {[%clk 01:31:55]} {[%emt 00:01:03]} 9. fxe3
{[%clk 01:32:48]} {[%emt 00:00:08]} Be6 {[%clk 01:31:53]} {[%emt 00:00:32]} 10.
Bb3 {[%clk 01:32:58]} {[%emt 00:00:20]} d5 {[%clk 01:30:52]} {[%emt 00:01:31]}
11. Kh1 {[%clk 01:27:20]} {[%emt 00:06:09]} d4 {[%clk 01:29:50]} {[%emt
00:01:30]} 12. exd4 {[%clk 01:25:21]} {[%emt 00:02:30]} exd4 {[%clk 01:30:06]}
{[%emt 00:00:14]} 13. Ne2 {[%clk 01:25:41]} {[%emt 00:00:10]} Qd6 {[%clk
01:28:34]} {[%emt 00:02:00]} 14. Ba4 {[%clk 01:26:03]} {[%emt 00:00:10]} Rab8
{[%clk 01:25:58]} {[%emt 00:02:56]} 15. Bxc6 {[%clk 01:26:26]} {[%emt
00:00:17]} bxc6 {[%clk 01:26:16]} {[%emt 00:00:12]} 16. e5 {[%clk 01:26:49]}
{[%emt 00:00:07]} Qd8 {[%clk 01:25:24]} {[%emt 00:01:20]} 17. exf6 {[%clk
01:27:13]} {[%emt 00:00:08]} Qxf6 {[%clk 01:25:44]} {[%emt 00:00:10]} 18. Nfxd4
{[%clk 01:27:25]} {[%emt 00:00:18]} c5 {[%clk 01:26:01]} {[%emt 00:00:11]} 19.
Rxf6 {[%clk 01:27:50]} {[%emt 00:00:07]} gxf6 {[%clk 01:26:05]} {[%emt
00:00:27]} 20. Nc6 {[%clk 01:27:55]} {[%emt 00:00:25]} Rb7 {[%clk 01:25:36]}
{[%emt 00:00:58]} 21. Nf4 {[%clk 01:28:16]} {[%emt 00:00:10]} Bd7 {[%clk
01:25:05]} {[%emt 00:00:57]} 22. Ne7+ {[%clk 01:28:21]} {[%emt 00:00:28]} Kg7
{[%clk 01:24:34]} {[%emt 00:00:59]} 23. Nh5+ {[%clk 01:28:32]} {[%emt
00:00:21]} Kh7 {[%clk 01:23:23]} {[%emt 00:01:40]} 24. Nxf6+ {[%clk 01:28:22]}
{[%emt 00:00:40]} Kg7 {[%clk 01:22:50]} {[%emt 00:01:01]} 25. Nxd7 {[%clk
01:28:19]} {[%emt 00:00:36]} Re8 {[%clk 01:21:32]} {[%emt 00:01:48]} 26. Qg4+
{[%clk 01:27:40]} {[%emt 00:01:09]} Kh8 {[%clk 01:14:39]} {[%emt 00:07:22]} 27.
Nf6 {[%clk 01:27:43]} {[%emt 00:00:27]} Rb4 {[%clk 01:12:14]} {[%emt 00:02:55]}
28. Qxb4 {[%clk 01:26:01]} {[%emt 00:02:12]} cxb4 {[%clk 01:11:13]} {[%emt
00:01:31]} 29. Nxe8 {[%clk 01:25:53]} {[%emt 00:00:38]} c5 {[%clk 01:08:43]}
{[%emt 00:03:00]} 30. Rf1 {[%clk 01:25:45]} {[%emt 00:00:38]} h5 {[%clk
01:07:58]} {[%emt 00:01:16]} 31. Rxf7 {[%clk 01:26:07]} {[%emt 00:00:08]} h4
{[%clk 01:07:37]} {[%emt 00:00:51]} 32. Ng6+ {[%clk 01:26:20]} {[%emt
00:00:17]} Kg8 {[%clk 01:07:46]} {[%emt 00:00:20]} 33. Rg7# {[%clk 01:26:48]}
{[%emt 00:00:03]} 1-0

[Event "DVM U12w 2024"]
[Site "Bad Homburg GER"]
[Date "2024.12.30"]
[Round "7"]
[White "Werner, Amelie"]
[Black "Briese, Sophie"]
[Result "1/2-1/2"]
[Termination "normal"]
[Board "1.1"]
[WhiteElo "1525"]
[BlackElo "1465"]
[WhiteClock "00:33:35"]
[BlackClock "00:21:56"]
[WhiteTeam "SC Garching 1980"]
[BlackTeam "SAV Torgelow-Drögeheide 90"]
[PlyCount "128"]
[WhiteFideId "34639900"]
[BlackFideId "34660305"]
[EventCountry "GER"]
[EventRounds "7"]
[EventType "team-swiss"]
[EventDate "2024.12.26"]

1. e4 {[%clk 01:30:59]} {[%emt 00:00:01]} c5 {[%clk 01:30:55]} {[%emt
00:00:05]} 2. Nc3 {[%clk 01:31:23]} {[%emt 00:00:06]} Nc6 {[%clk 01:31:12]}
{[%emt 00:00:12]} 3. Bb5 {[%clk 01:31:44]} {[%emt 00:00:09]} e6 {[%clk
01:30:30]} {[%emt 00:01:12]} 4. Bxc6 {[%clk 01:31:32]} {[%emt 00:00:42]} bxc6
{[%clk 01:30:36]} {[%emt 00:00:23]} 5. Nf3 {[%clk 01:31:28]} {[%emt 00:00:35]}
Ba6 {[%clk 01:25:32]} {[%emt 00:05:34]} 6. d3 {[%clk 01:29:01]} {[%emt
00:02:57]} Ne7 {[%clk 01:19:38]} {[%emt 00:06:24]} 7. O-O {[%clk 01:23:53]}
{[%emt 00:05:38]} Ng6 {[%clk 01:16:58]} {[%emt 00:03:11]} 8. Re1 {[%clk
01:19:03]} {[%emt 00:05:20]} Be7 {[%clk 01:15:00]} {[%emt 00:02:27]} 9. Bd2
{[%clk 01:15:20]} {[%emt 00:04:14]} Rb8 {[%clk 01:13:50]} {[%emt 00:01:38]} 10.
Rb1 {[%clk 01:08:29]} {[%emt 00:07:24]} O-O {[%clk 01:13:35]} {[%emt 00:00:45]}
11. a3 {[%clk 01:07:29]} {[%emt 00:01:30]} Qc7 {[%clk 01:10:27]} {[%emt
00:03:35]} 12. Qe2 {[%clk 01:06:42]} {[%emt 00:01:19]} Ne5 {[%clk 01:04:51]}
{[%emt 00:06:07]} 13. Bf4 {[%clk 01:04:23]} {[%emt 00:02:50]} Bd6 {[%clk
01:05:05]} {[%emt 00:00:16]} 14. Nxe5 {[%clk 01:03:43]} {[%emt 00:01:10]} Bxe5
{[%clk 01:05:25]} {[%emt 00:00:09]} 15. Bxe5 {[%clk 01:03:31]} {[%emt
00:00:43]} Qxe5 {[%clk 01:05:47]} {[%emt 00:00:08]} 16. Qd2 {[%clk 01:02:49]}
{[%emt 00:01:12]} Qc7 {[%clk 01:02:53]} {[%emt 00:03:23]} 17. Na4 {[%clk
01:01:18]} {[%emt 00:02:01]} d6 {[%clk 01:00:00]} {[%emt 00:03:22]} 18. e5
{[%clk 00:58:22]} {[%emt 00:03:28]} c4 {[%clk 00:56:35]} {[%emt 00:03:54]} 19.
dxc4 {[%clk 00:56:16]} {[%emt 00:02:37]} dxe5 {[%clk 00:56:27]} {[%emt
00:00:38]} 20. Qc3 {[%clk 00:55:02]} {[%emt 00:01:44]} f6 {[%clk 00:52:08]}
{[%emt 00:04:49]} 21. Nc5 {[%clk 00:52:57]} {[%emt 00:02:35]} Bc8 {[%clk
00:50:48]} {[%emt 00:01:49]} 22. b4 {[%clk 00:51:08]} {[%emt 00:02:20]} Rd8
{[%clk 00:48:17]} {[%emt 00:02:56]} 23. Rbd1 {[%clk 00:47:55]} {[%emt
00:03:47]} Rxd1 {[%clk 00:46:09]} {[%emt 00:02:39]} 24. Rxd1 {[%clk 00:48:16]}
{[%emt 00:00:09]} Qe7 {[%clk 00:46:19]} {[%emt 00:00:19]} 25. Qd3 {[%clk
00:45:25]} {[%emt 00:03:21]} Bb7 {[%clk 00:44:47]} {[%emt 00:02:03]} 26. Qd6
{[%clk 00:44:23]} {[%emt 00:01:32]} Qxd6 {[%clk 00:41:21]} {[%emt 00:03:57]}
27. Rxd6 {[%clk 00:44:42]} {[%emt 00:00:10]} Bc8 {[%clk 00:33:49]} {[%emt
00:08:01]} 28. Rxc6 {[%clk 00:44:20]} {[%emt 00:00:52]} Bb7 {[%clk 00:33:28]}
{[%emt 00:00:51]} 29. Rxe6 {[%clk 00:42:17]} {[%emt 00:02:33]} Rd8 {[%clk
00:33:44]} {[%emt 00:00:15]} 30. Kf1 {[%clk 00:42:37]} {[%emt 00:00:10]} Bc8
{[%clk 00:33:28]} {[%emt 00:00:45]} 31. Rc6 {[%clk 00:40:00]} {[%emt 00:03:06]}
Bg4 {[%clk 00:32:50]} {[%emt 00:01:10]} 32. f3 {[%clk 00:40:05]} {[%emt
00:00:26]} Bf5 {[%clk 00:33:08]} {[%emt 00:00:12]} 33. Ne4 {[%clk 00:38:54]}
{[%emt 00:01:41]} Bxe4 {[%clk 00:32:54]} {[%emt 00:00:44]} 34. fxe4 {[%clk
00:39:17]} {[%emt 00:00:07]} Rd2 {[%clk 00:33:13]} {[%emt 00:00:11]} 35. Rc8+
{[%clk 00:39:36]} {[%emt 00:00:11]} Kf7 {[%clk 00:33:30]} {[%emt 00:00:13]} 36.
Rc7+ {[%clk 00:40:01]} {[%emt 00:00:06]} Kf8 {[%clk 00:33:51]} {[%emt
00:00:09]} 37. Rxa7 {[%clk 00:40:20]} {[%emt 00:00:11]} Rxc2 {[%clk 00:34:16]}
{[%emt 00:00:05]} 38. c5 {[%clk 00:39:54]} {[%emt 00:00:55]} h5 {[%clk
00:33:30]} {[%emt 00:01:17]} 39. Rd7 {[%clk 00:38:08]} {[%emt 00:02:16]} Ra2
{[%clk 00:32:51]} {[%emt 00:01:09]} 40. c6 {[%clk 00:38:15]} {[%emt 00:00:23]}
Ke8 {[%clk 00:31:52]} {[%emt 00:01:28]} 41. Rd3 {[%clk 00:38:16]} {[%emt
00:00:29]} Rc2 {[%clk 00:31:36]} {[%emt 00:00:47]} 42. b5 {[%clk 00:38:36]}
{[%emt 00:00:11]} Rc5 {[%clk 00:31:42]} {[%emt 00:00:24]} 43. a4 {[%clk
00:38:34]} {[%emt 00:00:32]} Rc4 {[%clk 00:31:46]} {[%emt 00:00:25]} 44. a5
{[%clk 00:38:00]} {[%emt 00:01:04]} Rc5 {[%clk 00:31:06]} {[%emt 00:01:11]} 45.
Rg3 {[%clk 00:37:19]} {[%emt 00:01:10]} Rxb5 {[%clk 00:28:58]} {[%emt
00:02:38]} 46. Rxg7 {[%clk 00:37:43]} {[%emt 00:00:07]} Rxa5 {[%clk 00:25:13]}
{[%emt 00:04:15]} 47. c7 {[%emt 00:00:24]} Rc5 {[%clk 00:25:34]} 48. Rg8+
{[%clk 00:38:10]} {[%emt 00:00:19]} Kd7 {[%clk 00:25:50]} {[%emt 00:00:13]} 49.
Rh8 {[%clk 00:37:45]} {[%emt 00:00:56]} Kxc7 {[%clk 00:25:51]} {[%emt
00:00:28]} 50. Rxh5 {[%clk 00:38:09]} {[%emt 00:00:07]} Rc1+ {[%clk 00:26:10]}
{[%emt 00:00:11]} 51. Kf2 {[%clk 00:38:32]} {[%emt 00:00:07]} Rc2+ {[%clk
00:26:34]} {[%emt 00:00:06]} 52. Kg3 {[%clk 00:38:08]} {[%emt 00:00:54]} Re2
{[%clk 00:26:17]} {[%emt 00:00:46]} 53. Rf5 {[%clk 00:37:25]} {[%emt 00:01:14]}
Rxe4 {[%clk 00:25:26]} {[%emt 00:01:20]} 54. Rxf6 {[%clk 00:37:48]} {[%emt
00:00:07]} Rd4 {[%emt 00:01:44]} 55. h4 {[%emt 00:01:01]} e4 {[%clk 00:22:12]}
{[%emt 00:01:00]} 56. Kf4 {[%clk 00:37:18]} {[%emt 00:01:00]} e3+ {[%clk
00:21:53]} {[%emt 00:00:48]} 57. Kxe3 {[%clk 00:37:11]} {[%emt 00:00:37]} Rxh4
{[%clk 00:22:16]} {[%emt 00:00:06]} 58. Rf4 {[%clk 00:36:48]} {[%emt 00:00:53]}
Rh6 {[%clk 00:22:02]} {[%emt 00:00:43]} 59. g4 {[%clk 00:36:48]} {[%emt
00:00:32]} Kd7 {[%clk 00:21:50]} {[%emt 00:00:42]} 60. Rf5 {[%clk 00:36:27]}
{[%emt 00:00:50]} Ke7 {[%clk 00:21:33]} {[%emt 00:00:46]} 61. Kf4 {[%clk
00:36:26]} {[%emt 00:00:33]} Rf6 {[%clk 00:21:12]} {[%emt 00:00:50]} 62. Ke5
{[%clk 00:32:48]} {[%emt 00:04:07]} Rxf5+ {[%clk 00:21:25]} {[%emt 00:00:19]}
63. gxf5 {[%clk 00:33:11]} {[%emt 00:00:08]} Kf7 {[%clk 00:21:40]} {[%emt
00:00:14]} 64. f6 {[%clk 00:33:35]} {[%emt 00:00:07]} Kf8 {[%clk 00:21:56]}
{[%emt 00:00:11]} 1/2-1/2

[Event "DVM U12w 2024"]
[Site "Bad Homburg GER"]
[Date "2024.12.30"]
[Round "7"]
[White "Subocz, Barbara"]
[Black "Anaparthi, Anika"]
[Result "1-0"]
[Termination "normal"]
[Board "1.2"]
[WhiteElo "1623"]
[BlackElo "1052"]
[WhiteClock "00:35:19"]
[BlackClock "00:01:03"]
[WhiteTeam "SAV Torgelow-Drögeheide 90"]
[BlackTeam "SC Garching 1980"]
[PlyCount "75"]
[WhiteFideId "41805658"]
[BlackFideId "34639608"]
[EventCountry "GER"]
[EventRounds "7"]
[EventType "team-swiss"]
[EventDate "2024.12.26"]

1. e4 {[%clk 01:30:59]} e5 {[%clk 01:30:58]} {[%emt 00:00:02]} 2. Nc3 {[%clk
01:31:22]} {[%emt 00:00:07]} Nf6 {[%clk 01:31:14]} {[%emt 00:00:14]} 3. f4
{[%emt 00:00:50]} d5 {[%clk 01:20:48]} {[%emt 00:09:55]} 4. exd5 {[%clk
01:14:40]} {[%emt 00:17:53]} exf4 {[%clk 01:20:21]} {[%emt 00:00:58]} 5. d4
{[%clk 01:13:24]} {[%emt 00:01:46]} c6 {[%clk 01:14:54]} {[%emt 00:05:51]} 6.
dxc6 {[%clk 01:11:32]} {[%emt 00:02:27]} Nxc6 {[%clk 01:15:08]} {[%emt
00:00:17]} 7. Nf3 {[%clk 01:10:36]} {[%emt 00:01:27]} Bg4 {[%clk 01:14:54]}
{[%emt 00:00:40]} 8. Bxf4 {[%clk 01:02:37]} {[%emt 00:08:32]} Nxd4 {[%clk
01:13:24]} {[%emt 00:02:01]} 9. Qxd4 {[%clk 01:01:52]} {[%emt 00:01:15]} Bxf3
{[%clk 01:08:33]} {[%emt 00:05:21]} 10. Qxd8+ {[%clk 00:59:54]} {[%emt
00:02:29]} Rxd8 {[%clk 01:08:52]} {[%emt 00:00:10]} 11. gxf3 {[%clk 01:00:16]}
{[%emt 00:00:09]} Bc5 {[%clk 01:09:05]} {[%emt 00:00:13]} 12. Bd3 {[%clk
01:00:15]} {[%emt 00:00:35]} O-O {[%clk 01:08:17]} {[%emt 00:01:18]} 13. O-O-O
{[%clk 00:59:28]} {[%emt 00:01:18]} h6 {[%clk 01:05:42]} {[%emt 00:03:05]} 14.
Rd2 {[%clk 00:58:10]} {[%emt 00:01:48]} Nh5 {[%clk 01:03:05]} {[%emt 00:02:57]}
15. Bxh6 {[%clk 00:55:46]} {[%emt 00:03:03]} gxh6 {[%clk 01:02:37]} {[%emt
00:00:58]} 16. Rg2+ {[%clk 00:56:06]} {[%emt 00:00:10]} Ng7 {[%clk 01:02:39]}
{[%emt 00:00:27]} 17. Ne4 {[%clk 00:55:59]} {[%emt 00:00:38]} Bd4 {[%clk
01:01:21]} {[%emt 00:01:38]} 18. Kb1 {[%clk 00:53:34]} {[%emt 00:03:06]} Rfe8
{[%clk 00:57:28]} {[%emt 00:03:33]} 19. Bc4 {[%clk 00:51:57]} {[%emt 00:02:56]}
Rf8 {[%clk 00:44:56]} {[%emt 00:12:43]} 20. Rg6 {[%clk 00:49:03]} {[%emt
00:03:41]} Rc8 {[%clk 00:37:21]} {[%emt 00:08:00]} 21. Bb3 {[%clk 00:48:14]}
{[%emt 00:01:26]} Kh7 {[%clk 00:34:40]} {[%emt 00:03:02]} 22. Rg4 {[%clk
00:42:05]} {[%emt 00:06:46]} f5 {[%clk 00:30:58]} {[%emt 00:04:08]} 23. Ng5+
{[%clk 00:42:25]} {[%emt 00:00:16]} hxg5 {[%clk 00:29:12]} {[%emt 00:02:15]}
24. Rxd4 {[%clk 00:42:25]} {[%emt 00:00:31]} Rf6 {[%clk 00:24:10]} {[%emt
00:04:55]} 25. Rg1 {[%clk 00:39:55]} {[%emt 00:03:36]} Re8 {[%clk 00:23:09]}
{[%emt 00:01:25]} 26. h4 {[%clk 00:39:50]} {[%emt 00:00:41]} Re7 {[%clk
00:13:34]} {[%emt 00:09:59]} 27. hxg5 {[%clk 00:39:54]} {[%emt 00:00:32]} Rg6
{[%clk 00:12:25]} {[%emt 00:01:32]} 28. Rh4+ {[%clk 00:40:02]} {[%emt
00:00:28]} Nh5 {[%clk 00:11:30]} {[%emt 00:01:26]} 29. Rxh5+ {[%clk 00:40:17]}
{[%emt 00:00:15]} Kg7 {[%clk 00:11:31]} {[%emt 00:00:25]} 30. f4 {[%clk
00:39:57]} {[%emt 00:00:54]} Re4 {[%clk 00:05:11]} {[%emt 00:06:48]} 31. Rd1
{[%clk 00:38:18]} {[%emt 00:02:12]} Rd6 {[%clk 00:03:43]} {[%emt 00:01:50]} 32.
Rf1 {[%clk 00:36:19]} {[%emt 00:02:36]} a5 {[%clk 00:02:54]} {[%emt 00:01:17]}
33. a4 {[%clk 00:36:12]} {[%emt 00:00:40]} b6 {[%clk 00:02:25]} {[%emt
00:00:59]} 34. Rh4 {[%clk 00:35:39]} {[%emt 00:01:02]} Red4 {[%clk 00:01:11]}
{[%emt 00:01:38]} 35. c3 {[%clk 00:35:05]} {[%emt 00:01:12]} Re4 {[%clk
00:01:17]} {[%emt 00:00:19]} 36. Rfh1 {[%clk 00:35:13]} {[%emt 00:00:26]} Kf8
{[%clk 00:00:46]} {[%emt 00:00:57]} 37. Rh8+ {[%clk 00:35:13]} {[%emt
00:00:33]} Ke7 {[%clk 00:01:03]} {[%emt 00:00:11]} 38. R1h7# {[%clk 00:35:19]}
{[%emt 00:00:22]} 1-0

[Event "DVM U12w 2024"]
[Site "Bad Homburg GER"]
[Date "2024.12.30"]
[Round "7"]
[White "Zietz, Leni"]
[Black "Lachenmaier, Alica"]
[Result "0-1"]
[Termination "normal"]
[Board "1.4"]
[WhiteElo "1071"]
[BlackElo "824"]
[WhiteClock "01:28:08"]
[BlackClock "01:35:35"]
[WhiteTeam "SAV Torgelow-Drögeheide 90"]
[BlackTeam "SC Garching 1980"]
[PlyCount "104"]
[WhiteFideId "533025886"]
[BlackFideId "533025932"]
[EventCountry "GER"]
[EventRounds "7"]
[EventType "team-swiss"]
[EventDate "2024.12.26"]

1. d4 {[%clk 01:30:59]} d5 {[%clk 01:30:27]} {[%emt 00:00:33]} 2. Nf3 {[%clk
01:31:22]} {[%emt 00:00:07]} Nf6 {[%clk 01:29:56]} {[%emt 00:01:01]} 3. Bf4
{[%clk 01:31:39]} {[%emt 00:00:14]} c5 {[%clk 01:29:13]} {[%emt 00:01:12]} 4.
e3 {[%clk 01:31:39]} {[%emt 00:00:31]} cxd4 {[%clk 01:28:21]} {[%emt 00:01:21]}
5. Nxd4 {[%clk 01:31:58]} {[%emt 00:00:11]} Nbd7 {[%clk 01:27:28]} {[%emt
00:01:24]} 6. Nf3 {[%clk 01:31:50]} {[%emt 00:00:37]} Qb6 {[%clk 01:26:34]}
{[%emt 00:01:25]} 7. Nbd2 {[%clk 01:30:30]} {[%emt 00:01:51]} Qxb2 {[%clk
01:26:24]} {[%emt 00:00:38]} 8. Bd3 {[%clk 01:29:26]} {[%emt 00:01:34]} e5
{[%clk 01:26:46]} {[%emt 00:00:08]} 9. Rb1 {[%clk 01:28:49]} {[%emt 00:01:07]}
Qc3 {[%clk 01:27:08]} {[%emt 00:00:07]} 10. Rb3 {[%clk 01:29:10]} {[%emt
00:00:10]} Qc7 {[%clk 01:27:32]} {[%emt 00:00:06]} 11. Nxe5 {[%clk 01:27:49]}
{[%emt 00:01:51]} Nxe5 {[%clk 01:27:52]} {[%emt 00:00:10]} 12. Bb5+ {[%clk
01:27:44]} {[%emt 00:00:35]} Bd7 {[%clk 01:28:10]} {[%emt 00:00:10]} 13. Bxd7+
{[%clk 01:27:16]} {[%emt 00:00:59]} Nfxd7 {[%clk 01:28:15]} {[%emt 00:00:24]}
14. Nf3 {[%clk 01:27:11]} {[%emt 00:00:36]} Bd6 {[%clk 01:28:34]} {[%emt
00:00:11]} 15. Qxd5 {[%clk 01:25:59]} {[%emt 00:01:41]} O-O {[%clk 01:28:31]}
{[%emt 00:00:21]} 16. Rxb7 {[%clk 01:25:20]} {[%emt 00:01:22]} Qxc2 {[%clk
01:28:47]} {[%emt 00:00:14]} 17. O-O {[%clk 01:25:08]} {[%emt 00:00:41]} Nxf3+
{[%clk 01:28:56]} {[%emt 00:00:20]} 18. Qxf3 {[%clk 01:25:24]} {[%emt
00:00:15]} Bxf4 {[%clk 01:28:53]} {[%emt 00:00:34]} 19. Qxf4 {[%clk 01:25:06]}
{[%emt 00:00:48]} Nc5 {[%clk 01:28:32]} {[%emt 00:00:51]} 20. Rc7 {[%clk
01:25:09]} {[%emt 00:00:28]} Rac8 {[%clk 01:28:38]} {[%emt 00:00:24]} 21. Rxa7
{[%clk 01:25:19]} {[%emt 00:00:19]} Nd3 {[%clk 01:28:57]} {[%emt 00:00:10]} 22.
Qf3 {[%clk 01:24:49]} {[%emt 00:01:01]} Qc1 {[%clk 01:28:51]} {[%emt 00:00:36]}
23. h3 {[%clk 01:24:32]} {[%emt 00:00:47]} Ne1 {[%clk 01:29:05]} {[%emt
00:00:16]} 24. Qe2 {[%clk 01:24:39]} {[%emt 00:00:23]} Qc5 {[%clk 01:28:50]}
{[%emt 00:00:44]} 25. Rb7 {[%clk 01:24:19]} {[%emt 00:00:50]} Nc2 {[%clk
01:29:00]} {[%emt 00:00:20]} 26. Rc1 {[%clk 01:24:27]} {[%emt 00:00:23]} Qc6
{[%clk 01:28:26]} {[%emt 00:01:04]} 27. Rb2 {[%clk 01:24:46]} {[%emt 00:00:12]}
Qc4 {[%clk 01:26:40]} {[%emt 00:02:15]} 28. Qxc4 {[%clk 01:25:01]} {[%emt
00:00:15]} Rxc4 {[%clk 01:27:04]} {[%emt 00:00:06]} 29. Rbxc2 {[%clk 01:25:21]}
{[%emt 00:00:10]} Rxc2 {[%clk 01:27:26]} {[%emt 00:00:08]} 30. Rxc2 {[%clk
01:25:46]} {[%emt 00:00:06]} Ra8 {[%clk 01:27:46]} {[%emt 00:00:10]} 31. f4
{[%clk 01:25:58]} {[%emt 00:00:18]} Kf8 {[%clk 01:28:11]} {[%emt 00:00:04]} 32.
Kf2 {[%clk 01:26:11]} {[%emt 00:00:18]} Ke7 {[%clk 01:28:36]} {[%emt 00:00:06]}
33. g4 {[%clk 01:26:17]} {[%emt 00:00:23]} Ke6 {[%clk 01:29:00]} {[%emt
00:00:06]} 34. Kf3 {[%clk 01:26:36]} {[%emt 00:00:11]} f5 {[%clk 01:29:18]}
{[%emt 00:00:12]} 35. e4 {[%clk 01:26:52]} {[%emt 00:00:15]} Ra3+ {[%clk
01:29:37]} {[%emt 00:00:11]} 36. Kf2 {[%clk 01:27:02]} {[%emt 00:00:20]} fxe4
{[%clk 01:29:43]} {[%emt 00:00:24]} 37. Ke2 {[%clk 01:26:57]} {[%emt 00:00:35]}
Rxh3 {[%clk 01:30:00]} {[%emt 00:00:14]} 38. g5 {[%clk 01:26:24]} {[%emt
00:01:03]} Kf5 {[%clk 01:30:19]} {[%emt 00:00:10]} 39. Kf2 {[%clk 01:24:08]}
{[%emt 00:02:46]} Rh2+ {[%clk 01:30:43]} {[%emt 00:00:07]} 40. Ke3 {[%clk
01:24:11]} {[%emt 00:00:26]} Rxc2 {[%clk 01:31:06]} {[%emt 00:00:07]} 41. a4
{[%clk 01:24:11]} {[%emt 00:00:31]} Rc4 {[%clk 01:31:22]} {[%emt 00:00:14]} 42.
a5 {[%clk 01:24:35]} {[%emt 00:00:06]} Ra4 {[%clk 01:31:47]} {[%emt 00:00:04]}
43. Ke2 {[%clk 01:24:43]} {[%emt 00:00:23]} Kxf4 {[%clk 01:32:10]} {[%emt
00:00:07]} 44. Kf2 {[%clk 01:25:04]} {[%emt 00:00:09]} e3+ {[%clk 01:32:31]}
{[%emt 00:00:09]} 45. Ke2 {[%clk 01:25:29]} {[%emt 00:00:04]} Rxa5 {[%clk
01:32:52]} {[%emt 00:00:10]} 46. Ke1 {[%clk 01:25:48]} {[%emt 00:00:11]} Kxg5
{[%clk 01:33:09]} {[%emt 00:00:13]} 47. Ke2 {[%clk 01:26:13]} {[%emt 00:00:05]}
h5 {[%clk 01:33:31]} {[%emt 00:00:08]} 48. Kxe3 {[%clk 01:26:38]} {[%emt
00:00:05]} h4 {[%clk 01:33:56]} {[%emt 00:00:05]} 49. Kf2 {[%clk 01:26:57]}
{[%emt 00:00:10]} Kg4 {[%clk 01:34:20]} {[%emt 00:00:06]} 50. Kg2 {[%clk
01:27:23]} {[%emt 00:00:04]} Ra2+ {[%clk 01:34:45]} {[%emt 00:00:06]} 51. Kg1
{[%clk 01:27:44]} {[%emt 00:00:08]} Kg3 {[%clk 01:35:10]} {[%emt 00:00:05]} 52.
Kh1 {[%clk 01:28:08]} {[%emt 00:00:06]} Ra1# {[%clk 01:35:35]} {[%emt
00:00:05]} 0-1